000 00524nam a2200145Ia 4500
008 100204s9999 xx 000 0 und d
082 _b18420
100 _aजावडेकर सुबोध
245 _aवामनाचे चौथे पाऊल
260 _b"मेहता पब्लिशिंग हाऊस , पुणे"
_c1994
300 _a197
630 _aवामनाचे चौथे पाऊल
730 _aवामनाचे चौथे पाऊल
942 _cBOOK
999 _c462843
_d462840